000
00266nam a22001217a 4500
008
180202b xxu||||| |||| 00| 0 eng d
041
_a
eng
080
_a
574
100
_a
9
101
_a
MJE
245
_a
A Classification of Soybeans
_c
Arnold, M
942
_2
udc
_c
BK
999
_c
41598
_d
41598